Słynny piłkarz - quiz obrazkowy - Statystyki

Ogólne statystyki
  • Ten quiz został rozwiązany 26 079 razy
  • Średni wynik to 12 z 15
Statystyki odpowiedzi
Obrazkowy Odpowiedź % Poprawnych
Pelé
98%
Diego Maradona
95%
Pepe
94%
Zinedine Zidane
91%
Zlatan Ibrahimović
90%
Xavi
87%
Ronaldinho
85%
David Beckham
77%
Diego Costa
77%
Raphaël Varane
76%
Dele Alli
73%
Hugo Lloris
67%
Xherdan Shaqiri
58%
Blaise Matuidi
57%
Roberto Baggio
48%
Nie znaleziono quizów pasujących do podanych kryteriów
Rozkład punktacji
Procent ludzi z każdym wynikiem
Percentyl według liczby udzielonych odpowiedzi
Twoja historia wyników
Nie rozwiązałeś tego quizu